Patrimonio cultural de la humanidad: responsabilidad común

Guardat en:
Dades bibliogràfiques
Autor corporatiu: UNESCO. División Patrimonio Cultural
Format: Text
Publicat: París: La Organzación
Etiquetes: Afegir etiqueta
Sense etiquetes, Sigues el primer a etiquetar aquest registre!

MARC

LEADER 00000 a a2200000 04500
001 14241
003
040
090 |a 021900  
110 |a UNESCO. División Patrimonio Cultural  
245 |a Patrimonio cultural de la humanidad: responsabilidad común  
260 |a París:   |b La Organzación  
300 |a 94 p.  
999 |c 13296  |d 13296